[Event "GER-ch Net Amateur Gr-A Vor2"]
[Site "Playchess.com INT"]
[Date "2020.04.15"]
[Round "3"]
[White "Woelk, Tom Frederic"]
[Black "Filipiak, Thomas"]
[Result "1-0"]
[WhiteElo "2022"]
[BlackElo "1817"]
[PlyCount "83"]
[EventDate "2020.04.15"]
[EventType "swiss (blitz)"]
[EventRounds "9"]
[EventCountry "GER"]
[SourceTitle "CBM 196 Extra"]
[Source "ChessBase"]
[SourceDate "2020.07.31"]
[SourceVersion "1"]
[SourceVersionDate "2020.07.31"]
[SourceQuality "1"]

1. d4 d6 2. c4 Nf6 3. Nc3 e5 4. Nf3 Nc6 5. d5 Ne7 6. e4 g6 7. Be2 Bg7 8. 0-0 0-0 9. Ne1 Nd7 10. Nd3 f5 11. b4 f4 12. Bg4 Nf6 13. Bxc8 Qxc8 14. f3 g5 15. h3 h5 16. Nf2 Ng6 17. Ba3 a5 18. c5 axb4 19. Bxb4 Qd7 20. cxd6 cxd6 21. Qd3 g4 22. Nb5 gxh3 23. Nxh3 Ne8 24. Ng5 h4 25. Ne6 Rf6 26. Rfc1 Nf8 27. Nbc7 Nxe6 28. dxe6 Qd8 29. Nxe8 Qxe8 30. Bxd6 Rxe6 31. Qb3 h3 32. Rab1 Qg6 33. Rb2 Kh7 34. Bb4 Rg8 35. Rc7 Kh6 36. Re7 Rxe7 37. Bxe7 Rc8 38. Bh4 Rc1+ 39. Kh2 Qh5 40. Qe6+ Kh7 41. Qxh3 Bf6 42. Bxf6 1-0

[Event "GER-ch Net blitz qual4"]
[Site "Playchess.com INT"]
[Date "2020.03.23"]
[Round "5"]
[White "Filipiak, Thomas"]
[Black "Grafl, Florian"]
[Result "0-1"]
[WhiteElo "2032"]
[BlackElo "2353"]
[PlyCount "98"]
[EventDate "2020.03.23"]
[EventType "swiss (blitz)"]
[EventRounds "9"]
[EventCountry "GER"]
[SourceTitle "CBM 195 Extra"]
[Source "ChessBase"]
[SourceDate "2020.05.31"]
[SourceVersion "1"]
[SourceVersionDate "2020.05.31"]
[SourceQuality "1"]

1. d4 Nc6 2. e4 d5 3. e5 f6 4. f4 Bf5 5. c3 Nh6 6. Bd3 Bg4 7. Nf3 fxe5 8. fxe5 Nf7 9. 0-0 e6 10. h3 Bh5 11. Qc2 Ne7 12. Ng5 Qd7 13. b3 h6 14. Nxf7 Bxf7 15. Be3 g6 16. c4 dxc4 17. bxc4 Nf5 18. Bxf5 gxf5 19. Nc3 0-0-0 20. Rad1 Qc6 21. Nb5 Qa6 22. a4 c6 23. Nc3 Qxc4 24. Qb2 Bb4 25. Rb1 a5 26. Nd1 Rhg8 27. Bd2 Qxd4+ 28. Qxd4 Rxd4 29. Bxb4 axb4 30. Ne3 c5 31. Rfd1 Rxd1+ 32. Rxd1 Be8 33. Nc4 Bc6 34. Nd6+ Kc7 35. Rd2 Bxa4 36. Nf7 Bc6 37. Nxh6 Rg6 38. Nf7 c4 39. Nd6 c3 40. Rc2 Ba4 41. Rc1 Kc6 42. Nc4 b5 43. Ne3 Bb3 44. Nc2 Bxc2 45. Rxc2 Kc5 46. Kf2 Kc4 47. Ke3 b3 48. Rc1 b2 49. Rb1 c2 0-1

[Event "GER-ch Net blitz qual3"]
[Site "Playchess.com INT"]
[Date "2020.03.21"]
[Round "1"]
[White "Baltic, Fatih"]
[Black "Filipiak, Thomas"]
[Result "1-0"]
[WhiteElo "2262"]
[BlackElo "2032"]
[PlyCount "93"]
[EventDate "2020.03.21"]
[EventType "swiss (blitz)"]
[EventRounds "9"]
[EventCountry "GER"]
[SourceTitle "CBM 195 Extra"]
[Source "ChessBase"]
[SourceDate "2020.05.31"]
[SourceVersion "1"]
[SourceVersionDate "2020.05.31"]
[SourceQuality "1"]

1. Nf3 d6 2. g3 Nf6 3. d4 g6 4. Bg2 Bg7 5. 0-0 0-0 6. b3 Nbd7 7. Bb2 c6 8. h3 h6 9. c4 a5 10. Nc3 Qc7 11. d5 cxd5 12. cxd5 Nc5 13. Rc1 Qd8 14. Re1 a4 15. b4 a3 16. Ba1 Na6 17. Qb3 Qb6 18. Rb1 Bd7 19. Qxa3 Rfc8 20. Qb3 e6 21. e4 e5 22. Rec1 Nc7 23. a4 Nce8 24. a5 Qd8 25. Nd2 Nh5 26. Na4 Bxa4 27. Qxa4 f5 28. Nf1 f4 29. Bf3 Nhf6 30. Qd1 g5 31. Rxc8 Rxc8 32. Rc1 Rxc1 33. Qxc1 Qc7 34. Qxc7 Nxc7 35. Nd2 Nb5 36. Be2 Nd4 37. Bxd4 exd4 38. b5 Nd7 39. a6 bxa6 40. bxa6 Nb6 41. Nc4 Na8 42. Nxd6 Be5 43. Nf5 fxg3 44. fxg3 Kh7 45. Bb5 Bb8 46. d6 Nb6 47. d7 1-0

[Event "GER-ch Net blitz qual3"]
[Site "Playchess.com INT"]
[Date "2020.03.21"]
[Round "7"]
[White "Beesk, Kevin"]
[Black "Filipiak, Thomas"]
[Result "1-0"]
[WhiteElo "1968"]
[BlackElo "2032"]
[PlyCount "69"]
[EventDate "2020.03.21"]
[EventType "swiss (blitz)"]
[EventRounds "9"]
[EventCountry "GER"]
[SourceTitle "CBM 195 Extra"]
[Source "ChessBase"]
[SourceDate "2020.05.31"]
[SourceVersion "1"]
[SourceVersionDate "2020.05.31"]
[SourceQuality "1"]

1. Nc3 d6 2. d4 Nf6 3. e4 e5 4. Nge2 Nc6 5. h3 h6 6. g3 Be7 7. Bg2 0-0 8. Be3 Nh7 9. 0-0 Bg5 10. f4 exf4 11. gxf4 Bh4 12. d5 Na5 13. b3 b6 14. Nd4 f5 15. e5 g5 16. e6 Qf6 17. Nce2 g4 18. hxg4 fxg4 19. f5 Ng5 20. Bxg5 Bxg5 21. Qd3 Nb7 22. b4 a5 23. a3 h5 24. Rae1 h4 25. Nf4 axb4 26. axb4 Re8 27. Nh5 Qh8 28. f6 Qxh5 29. f7+ Kf8 30. fxe8Q+ Kxe8 31. Qf5 Be7 32. Qf7+ Qxf7 33. exf7+ Kf8 34. Rxe7 Kxe7 35. f8Q+ 1-0

[Event "Pfalz op-A 11th"]
[Site "Neustadt an der Weinstrasse"]
[Date "2020.02.21"]
[Round "1"]
[White "Sergienko, Sergey"]
[Black "Filipiak, Thomas"]
[Result "1-0"]
[WhiteElo "2321"]
[BlackElo "2044"]
[PlyCount "93"]
[EventDate "2020.02.21"]
[EventType "swiss"]
[EventRounds "9"]
[EventCountry "GER"]
[SourceTitle "CBM 195 Extra"]
[Source "ChessBase"]
[SourceDate "2020.05.31"]
[SourceVersion "1"]
[SourceVersionDate "2020.05.31"]
[SourceQuality "1"]

1. d4 d6 2. Nf3 Nf6 3. c4 g6 4. Nc3 Bg7 5. e4 0-0 6. Be2 c6 7. h3 Qc7 8. Be3 e5 9. 0-0 Re8 10. d5 c5 11. Nd2 h6 12. a3 g5 13. b4 b6 14. Rb1 a6 15. Re1 Nbd7 16. Nf1 Nf8 17. Ng3 Ng6 18. Nh5 Nf4 19. Nxf6+ Bxf6 20. Bg4 Bxg4 21. hxg4 Rab8 22. g3 Ng6 23. bxc5 bxc5 24. Qa4 Rec8 25. Kg2 Bd8 26. Bd2 Kg7 27. Rec1 Qa5 28. Qc2 Qc7 29. Nd1 Rxb1 30. Rxb1 Rb8 31. Ne3 Ne7 32. Ba5 Qc8 33. Rxb8 Qxb8 34. Bxd8 Qxd8 35. Qa4 a5 36. Qb5 Kg6 37. Qb7 Kf6 38. Kf3 Kg7 39. Ke2 Kf8 40. Kd3 a4 41. Qa7 Qc8 42. Qxa4 h5 43. gxh5 f5 44. exf5 Nxf5 45. Qc6 Qb8 46. Nxf5 Qb1+ 47. Ke2 1-0

[Event "Pfalz op 03rd"]
[Site "Neustadt an der Weinstrasse"]
[Date "2012.03.03"]
[Round "6"]
[White "Perske, Thore"]
[Black "Filipiak, Thomas"]
[Result "1/2-1/2"]
[WhiteElo "1948"]
[BlackElo "2090"]
[PlyCount "81"]
[EventDate "2012.02.17"]
[EventType "swiss"]
[EventRounds "9"]
[EventCountry "GER"]
[SourceTitle "EXT 2013"]
[Source "ChessBase"]
[SourceDate "2012.11.22"]
[SourceVersion "1"]
[SourceVersionDate "2012.11.22"]
[SourceQuality "1"]

1. e4 d6 2. d4 Nf6 3. Nc3 e5 4. Nf3 Bg4 5. Be2 Bxf3 6. Bxf3 Nc6 7. Ne2 g6 8. 0-0 Bg7 9. g3 0-0 10. Bg2 Re8 11. d5 Ne7 12. c4 c6 13. Nc3 Qc7 14. Qd3 a6 15. Bd2 Rab8 16. Rfc1 c5 17. a3 Nd7 18. b4 b6 19. Rab1 h6 20. Bh3 Kh7 21. Rb2 Ng8 22. Bxd7 Qxd7 23. Rcb1 Qc7 24. bxc5 bxc5 25. Na4 Rxb2 26. Rxb2 Rb8 27. Qb1 Rxb2 28. Qxb2 Nf6 29. Nc3 Nd7 30. Kg2 Qb6 31. Na4 Qxb2 32. Nxb2 f5 33. f3 Bf8 34. Ba5 Kg7 35. Na4 Be7 36. h3 Kf7 37. Kf1 fxe4 38. fxe4 Bg5 39. Bc7 Ke7 40. Nb6 Nxb6 41. Bxb6 1/2-1/2

[Event "Pfalz op 03rd"]
[Site "Neustadt an der Weinstrasse"]
[Date "2012.02.20"]
[Round "2"]
[White "Wagner, Dennis"]
[Black "Filipiak, Thomas"]
[Result "1-0"]
[WhiteElo "2355"]
[BlackElo "2090"]
[PlyCount "51"]
[EventDate "2012.02.17"]
[EventType "swiss"]
[EventRounds "9"]
[EventCountry "GER"]
[SourceTitle "EXT 2013"]
[Source "ChessBase"]
[SourceDate "2012.11.22"]
[SourceVersion "1"]
[SourceVersionDate "2012.11.22"]
[SourceQuality "1"]

1. d4 d6 2. Nf3 g6 3. c4 Bg7 4. Nc3 Nd7 5. e4 e5 6. Be2 Ne7 7. h4 h5 8. Bg5 c6 9. Qd2 Qc7 10. 0-0-0 a6 11. Kb1 Nf8 12. Be3 Bg4 13. dxe5 dxe5 14. Ng5 Bxe2 15. Qxe2 f6 16. Nh3 Ne6 17. g4 Rd8 18. gxh5 Rxh5 19. Qg4 Nd4 20. f4 Qc8 21. Qg3 Qe6 22. fxe5 fxe5 23. Bxd4 exd4 24. Nf4 Be5 25. Nxe6 Bxg3 26. Ne2 1-0

[Event "Pfalz op 03rd"]
[Site "Neustadt an der Weinstrasse"]
[Date "2012.02.17"]
[Round "1"]
[White "Filipiak, Thomas"]
[Black "Solomunovic, Igor"]
[Result "1/2-1/2"]
[WhiteElo "2090"]
[BlackElo "2421"]
[PlyCount "57"]
[EventDate "2012.02.17"]
[EventType "swiss"]
[EventRounds "9"]
[EventCountry "GER"]
[SourceTitle "EXT 2013"]
[Source "ChessBase"]
[SourceDate "2012.11.22"]
[SourceVersion "1"]
[SourceVersionDate "2012.11.22"]
[SourceQuality "1"]

1. d4 Nf6 2. Nf3 c5 3. d5 g6 4. c4 Bg7 5. Nc3 0-0 6. e4 d6 7. Be2 e6 8. 0-0 exd5 9. exd5 Bg4 10. h3 Bxf3 11. Bxf3 Nbd7 12. Bf4 Ne8 13. Rc1 a6 14. a4 Qa5 15. Qb3 Qb4 16. Qxb4 cxb4 17. Ne4 Bxb2 18. Rb1 Be5 19. Bxe5 dxe5 20. Rxb4 b6 21. c5 a5 22. Rc4 Nxc5 23. Nxc5 Nd6 24. Rc3 bxc5 25. Rxc5 Rfd8 26. Rb1 Kf8 27. g4 Ke7 28. Kf1 Rdc8 29. Rc6 1/2-1/2

[Event "Leipzig VfB op 14th"]
[Site "Leipzig"]
[Date "2007.03.21"]
[Round "3"]
[White "Nerlich, Vincent"]
[Black "Filipiak, Thomas"]
[Result "0-1"]
[WhiteElo "1865"]
[BlackElo "2106"]
[PlyCount "80"]
[EventDate "2007.03.20"]
[EventType "swiss"]
[EventRounds "9"]
[EventCountry "GER"]
[SourceTitle "EXT 2008"]
[Source "ChessBase"]
[SourceDate "2007.11.25"]
[SourceVersion "1"]
[SourceVersionDate "2007.11.25"]
[SourceQuality "1"]

1. e4 d6 2. Nf3 Nf6 3. Nc3 g6 4. Bc4 Bg7 5. d4 0-0 6. Be3 c6 7. h3 b5 8. Bd3 Bb7 9. Qd2 Qc7 10. Bh6 Nbd7 11. Bxg7 Kxg7 12. g4 b4 13. Ne2 c5 14. dxc5 dxc5 15. Ng3 Ne5 16. Nxe5 Qxe5 17. 0-0-0 Rac8 18. Qe2 a5 19. Rhf1 Qc7 20. g5 Nd7 21. Bc4 Nb6 22. f4 Ra8 23. Rf2 e6 24. e5 Nxc4 25. Qxc4 Bd5 26. Qe2 a4 27. Ne4 b3 28. a3 bxc2 29. Rxd5 exd5 30. Nf6 Qa5 31. Rf1 c4 32. e6 fxe6 33. Qxe6 Qa6 34. Qxd5 c3 35. Re1 cxb2+ 36. Kxc2 Rac8+ 37. Kd2 Rf7 38. Ne8+ Kf8 39. Qe5 Rd7+ 40. Ke3 Re7 0-1

[Event "Leipzig VfB op 14th"]
[Site "Leipzig"]
[Date "2007.03.20"]
[Round "1"]
[White "Schroeder, Werner"]
[Black "Filipiak, Thomas"]
[Result "0-1"]
[WhiteElo "1620"]
[BlackElo "2106"]
[PlyCount "62"]
[EventDate "2007.03.20"]
[EventType "swiss"]
[EventRounds "9"]
[EventCountry "GER"]
[SourceTitle "EXT 2008"]
[Source "ChessBase"]
[SourceDate "2007.11.25"]
[SourceVersion "1"]
[SourceVersionDate "2007.11.25"]
[SourceQuality "1"]

1. f4 d6 2. e4 Nf6 3. Nc3 g6 4. Nf3 Bg7 5. Bc4 0-0 6. d3 c6 7. 0-0 Bg4 8. h3 Bc8 9. Be3 Nfd7 10. d4 b5 11. Bb3 Nf6 12. e5 Ne8 13. Ne4 Nc7 14. g4 Bb7 15. Ng3 Nd7 16. f5 dxe5 17. fxg6 hxg6 18. Ng5 e6 19. N3e4 Qe7 20. dxe5 Bxe5 21. Qd3 Nd5 22. Bxd5 exd5 23. Nd2 d4 24. Ndf3 dxe3 25. Rae1 Bf4 26. Ne4 Ne5 27. Nxe5 Qxe5 28. Rf3 c5 29. Rexe3 Bxe3+ 30. Rxe3 Bxe4 31. Rxe4 Qxb2 0-1

[Event "Leipzig VfB op 12th"]
[Site "Leipzig"]
[Date "2005.03.02"]
[Round "2"]
[White "Sonntag, Hermann"]
[Black "Filipiak, Thomas"]
[Result "1/2-1/2"]
[WhiteElo "2016"]
[BlackElo "2149"]
[PlyCount "55"]
[EventDate "2005.01.03"]
[EventType "swiss"]
[EventRounds "9"]
[EventCountry "GER"]
[SourceTitle "EXT 2008"]
[Source "ChessBase"]
[SourceDate "2007.11.25"]
[SourceVersion "1"]
[SourceVersionDate "2007.11.25"]
[SourceQuality "1"]

1. e4 d6 2. d4 Nf6 3. Nc3 e5 4. dxe5 dxe5 5. Qxd8+ Kxd8 6. Bg5 Be7 7. 0-0-0+ Nbd7 8. f3 c6 9. Bc4 Rf8 10. Nh3 Kc7 11. Nf2 b5 12. Bb3 a5 13. a4 bxa4 14. Nxa4 Nc5 15. Nxc5 Bxc5 16. Nd3 Bd6 17. Be3 Nd7 18. Rd2 a4 19. Ba2 a3 20. b4 f6 21. Rhd1 Be7 22. c3 Rd8 23. Nc5 Nxc5 24. Rxd8 Nb3+ 25. Bxb3 Bxd8 26. Bc5 Bd7 27. Kb1 Kc8 28. g4 1/2-1/2

[Event "Leipzig VfB op 09th"]
[Site "Leipzig"]
[Date "2002.03.05"]
[Round "1"]
[White "Heistermann, Till"]
[Black "Filipiak, Thomas"]
[Result "0-1"]
[WhiteElo "1418"]
[BlackElo "1816"]
[PlyCount "106"]
[EventDate "2002.03.05"]
[EventType "swiss"]
[EventRounds "9"]
[EventCountry "GER"]
[SourceTitle "EXT 2007"]
[Source "ChessBase"]
[SourceDate "2006.11.23"]
[SourceVersion "1"]
[SourceVersionDate "2006.11.23"]
[SourceQuality "1"]

1. e4 d6 2. d4 Nf6 3. Nc3 g6 4. f4 Bg7 5. Nf3 c5 6. dxc5 Qa5 7. Bd3 Qxc5 8. Qe2 Nc6 9. Be3 Qb4 10. 0-0-0 Ng4 11. Bd2 Nd4 12. Nxd4 Bxd4 13. Rdf1 Nf6 14. h3 Bd7 15. g4 Rc8 16. Rf3 Bc6 17. Rg3 Nd7 18. f5 Ne5 19. h4 Rg8 20. fxg6 Rxg6 21. g5 Nxd3+ 22. Qxd3 Bxc3 23. Bxc3 Qxe4 24. Qxe4 Bxe4 25. Re1 d5 26. Re2 h6 27. Bd4 hxg5 28. Rxg5 Rxg5 29. hxg5 a6 30. c3 Kd7 31. Rf2 Ke6 32. Kd2 Rg8 33. Be3 Rh8 34. Re2 b5 35. Bf4 Kf5 36. Rf2 Rh1 37. Bd6+ Ke6 38. Ba3 Rg1 39. Ke3 Rxg5 40. Kd4 f5 41. Kc5 Kd7 42. b3 Rg2 43. Rxg2 Bxg2 44. Kb6 e5 45. Kxa6 Kc6 46. Bc1 f4 47. Ka5 Kc5 48. a4 bxa4 49. Kxa4 d4 50. b4+ Kc4 51. cxd4 Kxd4 52. Kb3 Kd3 53. b5 f3 0-1

[Event "Leipzig VfB op 08th"]
[Site "Leipzig"]
[Date "2001.02.25"]
[Round "9"]
[White "Heinrich, Thomas"]
[Black "Filipiak, Thomas"]
[Result "1-0"]
[WhiteElo "2022"]
[BlackElo "1844"]
[PlyCount "55"]
[EventDate "2001.02.20"]
[EventType "swiss"]
[EventRounds "9"]
[EventCountry "GER"]
[SourceTitle "EXT 2008"]
[Source "ChessBase"]
[SourceDate "2007.11.25"]
[SourceVersion "1"]
[SourceVersionDate "2007.11.25"]
[SourceQuality "1"]

1. Nf3 f5 2. d4 Nf6 3. g3 g6 4. Bg2 d6 5. b3 Bg7 6. Bb2 Nfd7 7. Ng5 Nb6 8. f4 c5 9. e3 Qc7 10. a4 h6 11. Nf3 Nc6 12. 0-0 Bd7 13. Nc3 Nb4 14. Qd2 0-0 15. Nb5 Qc8 16. c4 a6 17. Nc3 Be8 18. Rad1 Bf7 19. d5 e6 20. a5 exd5 21. axb6 dxc4 22. Qxd6 Nd3 23. Nd5 Qe8 24. Bxg7 Kxg7 25. Ne5 Nxe5 26. fxe5 Bxd5 27. Qxd5 cxb3 28. Qxb7+ 1-0

[Event "Leipzig VfB op 08th"]
[Site "Leipzig"]
[Date "2001.02.23"]
[Round "6"]
[White "Filipiak, Thomas"]
[Black "Schikor, Torsten"]
[Result "0-1"]
[WhiteElo "1844"]
[BlackElo "2095"]
[PlyCount "22"]
[EventDate "2001.02.20"]
[EventType "swiss"]
[EventRounds "9"]
[EventCountry "GER"]
[SourceTitle "EXT 2008"]
[Source "ChessBase"]
[SourceDate "2007.11.25"]
[SourceVersion "1"]
[SourceVersionDate "2007.11.25"]
[SourceQuality "1"]

1. d4 Nf6 2. Nc3 d5 3. e4 Nxe4 4. Nxe4 dxe4 5. Bc4 e6 6. f3 Bd6 7. Be3 Qh4+ 8. Bf2 Qg5 9. g3 e3 10. f4 exf2+ 11. Kxf2 Qf6 0-1

[Event "Leipzig VfB op 08th"]
[Site "Leipzig"]
[Date "2001.02.22"]
[Round "4"]
[White "Filipiak, Thomas"]
[Black "Schmidt, Joerg"]
[Result "1-0"]
[WhiteElo "1844"]
[BlackElo "2137"]
[PlyCount "93"]
[EventDate "2001.02.20"]
[EventType "swiss"]
[EventRounds "9"]
[EventCountry "GER"]
[SourceTitle "EXT 2008"]
[Source "ChessBase"]
[SourceDate "2007.11.25"]
[SourceVersion "1"]
[SourceVersionDate "2007.11.25"]
[SourceQuality "1"]

1. d4 Nf6 2. f3 e6 3. e4 c5 4. d5 d6 5. c4 e5 6. Nc3 g6 7. Bg5 Bg7 8. Bd3 h6 9. Be3 0-0 10. Nge2 Ne8 11. 0-0 f5 12. f4 Qe7 13. fxe5 Qxe5 14. Qd2 Kh7 15. exf5 Bxf5 16. Bxf5 Rxf5 17. Rxf5 Qxf5 18. Rf1 Qd7 19. Nf4 Nf6 20. Ne6 Na6 21. Nxg7 Qxg7 22. Bxh6 Qe7 23. Bg5 Ne4 24. Nxe4 Qxe4 25. Qf2 Rg8 26. Re1 Qxc4 27. Re7+ Rg7 28. Rxg7+ Kxg7 29. Qf6+ Kg8 30. Qxg6+ Kf8 31. Qxd6+ Kg7 32. Qf6+ Kg8 33. Bh6 Qd4+ 34. Qxd4 cxd4 35. Kf2 Nb4 36. d6 Kf7 37. Bf4 Ke6 38. Ke2 Nxa2 39. Bd2 Kxd6 40. Kd3 Ke5 41. h4 b6 42. h5 a5 43. h6 Kf6 44. Kxd4 Nb4 45. Bxb4 axb4 46. Kc4 Kg6 47. Kxb4 1-0